[Event "AUTO-OPEN-413"]
[Site "http://www.queenalice.com/game.php?id=114763"]
[Date "2006.10.8"]
[Round "1"]
[White "csadler"]
[Black "ariel1"]
[Result "1-0"]
[WhiteElo "1777"]
[BlackElo "1347"]

1. c4 e5 2. Nc3 d6 3. Nf3 Nf6 4. d4 Nc6 5. dxe5 Nh5 6. g4 Nf4 7. Bxf4 g5 8. Bxg5
f6 9. Bxf6 Qd7 10. Bxh8 dxe5 11. Bg2 a5 12. Qxd7+ Bxd7 13. Nxe5 Nb4 14. O-O-O
Bh6+ 15. Kb1 Ke7 16. Rxd7+ Ke8 17. Rxc7 Ra7 18. Rxb7 Rxb7 19. Bxb7 Bf4 20. Nd5
Nc6 21. Bxc6+ Kd8 22. Nxf4 1-0

[Event "AUTO-INT-210"]
[Site "http://www.queenalice.com/game.php?id=117538"]
[Date "2006.10.16"]
[Round "1"]
[White "bleve"]
[Black "ariel1"]
[Result "1-0"]
[WhiteElo "1519"]
[BlackElo "1349"]

1. e4 e5 2. Nf3 Bd6 3. Nc3 c5 4. Nd5 Ne7 5. Bc4 Ng6 6. d3 O-O 7. O-O Nf4 8. Nxf4
g6 9. Be3 b6 10. Bd5 g5 11. Nh5 a5 12. Bxg5 h6 13. Bxd8 Rxd8 14. Nf6+ Kf8 15.
Nh4 Ra6 16. Qh5 Nc6 17. Qxf7# 1-0

[Event "AUTO-INT-210"]
[Site "http://www.queenalice.com/game.php?id=117539"]
[Date "2006.10.16"]
[Round "1"]
[White "ariel1"]
[Black "bleve"]
[Result "0-1"]
[WhiteElo "1281"]
[BlackElo "1568"]

1. d4 d5 2. Nc3 Nf6 3. b4 Nc6 4. e3 Nxb4 5. Ba3 Nc6 6. Rb1 e6 7. h4 Bxa3 8. Rb3
Bb4 9. Qd3 Bxc3+ 10. Rxc3 Bd7 11. Nf3 Nb4 12. Qd2 c6 13. Rh3 Qa5 14. Rb3 Ne4 15.
Qc3 Nxc3 16. a3 Nd3+ 0-1

[Event "AUTO-INT-210"]
[Site "http://www.queenalice.com/game.php?id=117562"]
[Date "2006.10.16"]
[Round "1"]
[White "ariel1"]
[Black "smartfox"]
[Result "0-1"]
[WhiteElo "1356"]
[BlackElo "1642"]

1. d4 d5 2. f4 Nf6 3. e3 Nc6 4. Nc3 Bf5 5. a4 e6 6. Qd2 Bb4 7. Ra3 Ne4 8. Qd3
Ng3 9. hxg3 Bxd3 10. cxd3 Ba5 11. Bd2 Bb4 12. Rh5 Bxa3 13. bxa3 Qe7 14. e4 Nxd4
15. g4 Qxa3 16. Nb1 Qa1 17. Kf2 Qxb1 18. Ke3 Qxf1 19. Kxd4 Qxg1+ 20. Be3 Qxg2
21. exd5 Qb2+ 22. Ke4 Qg2+ 23. Ke5 Qxd5# 0-1

[Event "AUTO-INT-210"]
[Site "http://www.queenalice.com/game.php?id=117563"]
[Date "2006.10.16"]
[Round "1"]
[White "smartfox"]
[Black "ariel1"]
[Result "1-0"]
[WhiteElo "1645"]
[BlackElo "1303"]

1. e4 e5 2. Nf3 Nf6 3. Nc3 d6 4. Bc4 a6 5. Ng5 b5 6. Nxf7 Qe7 7. Bb3 Kd7 8. Nxh8
Ng8 9. Qg4+ Kd8 10. Nf7+ Qxf7 11. Bxf7 Bxg4 12. Bxg8 Kc8 13. Bxh7 Ra7 14. d3 b4
15. Nd5 Be6 16. Be3 c6 17. Bxa7 cxd5 18. O-O-O g5 19. d4 exd4 20. Rxd4 Nc6 21.
exd5 Nxd4 22. Bxd4 Bxd5 23. h4 Bh6 24. Bf6 gxh4+ 25. Kd1 Bxg2 26. Rxh4 Bf3+ 27.
Ke1 a5 28. Rxh6 a4 29. Bf5+ Kc7 30. Rh7+ Kc6 31. Bd7+ 1-0

[Event "AUTO-OPEN-420"]
[Site "http://www.queenalice.com/game.php?id=117664"]
[Date "2006.10.16"]
[Round "1"]
[White "xmas"]
[Black "ariel1"]
[Result "1-0"]
[WhiteElo "1574"]
[BlackElo "1372"]

1. d4 d5 2. Nc3 e6 3. e4 Nf6 4. e5 Nfd7 5. Nf3 a5 6. Bb5 c6 7. Bd3 h5 8. Ng5 f6
9. Nxe6 Qe7 10. Nc7+ Kd8 11. Nxa8 fxe5 12. dxe5 Rh6 13. Bxh6 gxh6 14. Qxh5 Qe8
15. Qxe8+ Kxe8 16. O-O Nxe5 17. Rae1 b5 18. Rxe5+ Be7 19. Rfe1 Nd7 20. Rxe7+ Kd8
21. Re8# 1-0

[Event "AUTO-OPEN-420"]
[Site "http://www.queenalice.com/game.php?id=117665"]
[Date "2006.10.16"]
[Round "1"]
[White "ariel1"]
[Black "xmas"]
[Result "0-1"]
[WhiteElo "1328"]
[BlackElo "1679"]

1. d4 Nf6 2. e3 g6 3. b4 e6 4. Nc3 a6 5. Nf3 Bg7 6. a4 O-O 7. Ra3 Nc6 8. a5 Nxb4
9. Qd2 Qe7 10. h4 b6 11. axb6 cxb6 12. Na4 Ne4 13. Qe2 b5 14. Nb6 Rb8 15. Nxc8
Rbxc8 16. c3 Nxc3 17. Qd2 Nb1 18. Rb3 Nxd2 19. Bxd2 Nc2+ 20. Kd1 e5 21. Rc3 Rxc3
0-1

[Event "AUTO-OPEN-420"]
[Site "http://www.queenalice.com/game.php?id=117692"]
[Date "2006.10.16"]
[Round "1"]
[White "IctusCordis"]
[Black "ariel1"]
[Result "1-0"]
[WhiteElo "1824"]
[BlackElo "1328"]

1. d4 d5 2. c4 dxc4 3. e4 g5 4. Bxc4 Nf6 5. e5 Ne4 6. Qf3 f5 7. Qh5+ Kd7 8. Qf7
Nc6 9. Qxf5+ e6 10. Qxe4 Ke7 11. Bxg5+ 1-0

[Event "AUTO-OPEN-420"]
[Site "http://www.queenalice.com/game.php?id=117693"]
[Date "2006.10.16"]
[Round "1"]
[White "ariel1"]
[Black "IctusCordis"]
[Result "0-1"]
[WhiteElo "1305"]
[BlackElo "1844"]

1. d4 Nf6 2. f4 e6 3. Nc3 d5 4. a4 c5 5. e3 Nc6 6. Bb5 a6 7. Bxc6+ bxc6 8. b3
cxd4 9. exd4 Bb4 10. Ne2 Ne4 11. Bb2 Qa5 12. O-O Nxc3 13. Qd3 Nxe2+ 14. Qxe2 Bc3
15. Rfb1 Bxb2 0-1

[Event "AUTO-OPEN-420"]
[Site "http://www.queenalice.com/game.php?id=117710"]
[Date "2006.10.16"]
[Round "1"]
[White "Warrior"]
[Black "ariel1"]
[Result "1-0"]
[WhiteElo "1973"]
[BlackElo "1356"]

1. e4 e5 2. Nf3 f6 3. Nxe5 fxe5 4. Qh5+ g6 5. Qxe5+ Kf7 6. Bc4+ d5 7. Bxd5+ Be6
8. Qxe6+ Kg7 9. Qf7+ Kh6 10. d3+ g5 11. h4 Qe7 12. hxg5# 1-0

[Event "AUTO-OPEN-420"]
[Site "http://www.queenalice.com/game.php?id=117711"]
[Date "2006.10.16"]
[Round "1"]
[White "ariel1"]
[Black "Warrior"]
[Result "0-1"]
[WhiteElo "1305"]
[BlackElo "1961"]

1. d4 Nf6 2. Nc3 d5 3. f4 c5 4. dxc5 e6 5. b4 a5 6. bxa5 Bxc5 7. Nf3 Qxa5 8. Qd2
Ng4 9. h3 Bf2+ 10. Kd1 Ne3+ 11. Qxe3 Bxe3 12. Bxe3 Qxc3 0-1

[Event "AUTO-OPEN-484"]
[Site "http://www.queenalice.com/game.php?id=142718"]
[Date "2006.12.17"]
[Round "1"]
[White "ariel1"]
[Black "Paulsains"]
[Result "0-1"]
[WhiteElo "1307"]
[BlackElo "1833"]

1. e4 Nf6 2. b4 e5 3. Nc3 Bxb4 4. a3 Bc5 5. d3 d6 6. Nf3 Ng4 7. h3 Nxf2 8. Rh2
Nxd1 9. Kxd1 Nc6 10. a4 Nd4 11. Be3 Nxf3 0-1

[Event "AUTO-OPEN-484"]
[Site "http://www.queenalice.com/game.php?id=142720"]
[Date "2006.12.17"]
[Round "1"]
[White "ariel1"]
[Black "erbe"]
[Result "0-1"]
[WhiteElo "1276"]
[BlackElo "1600"]

1. e4 e5 2. b4 Bxb4 3. Nc3 Nc6 4. a3 Bxc3 5. dxc3 Nf6 6. Nf3 O-O 7. a4 Nxe4 8.
c4 d6 9. Bd3 Nf6 10. O-O Be6 11. h3 e4 12. Nd4 Nxd4 13. Bxe4 Nc6 14. Re1 Bxc4
0-1

[Event "AUTO-OPEN-484"]
[Site "http://www.queenalice.com/game.php?id=142721"]
[Date "2006.12.17"]
[Round "1"]
[White "erbe"]
[Black "ariel1"]
[Result "1-0"]
[WhiteElo "1606"]
[BlackElo "1276"]

1. e4 e5 2. Nf3 f6 3. Nxe5 fxe5 4. Qh5+ g6 5. Qxe5+ Qe7 6. Qxh8 Qf7 7. Qe5+ Kd8
8. Bb5 Qe6 9. Qg5+ Be7 10. Qh6 Nxh6 11. d3 a6 12. Bc4 Qe5 13. O-O Ng4 14. g3 1-0